Allgemeine statistik

Saved in:
Bibliographic Details
Format: Serial
Language:German
Published: Luxemburg Statistisches Amt 1969
Tags: Add Tag
No Tags, Be the first to tag this record!

MARC

LEADER 00000nas2a2200000$$$4500
001 0006347
005 20250730114229.4
041 0 |a ger 
044 |a LU 
245 1 0 |a Allgemeine statistik 
264 1 |a Luxemburg  |b Statistisches Amt  |c 1969 
300 |a 2 zv. 
773 0 |w eu_un_cat*0006345